000 00507nam a2200205Ia 4500
003 GCL
008 140319s9999 xx 000 0 eng d
020 _a2879391059
040 _aGCL /
_cGCL
082 0 4 _a720
_bB J
100 1 _aBOISSIER, OLIVER
245 1 0 _aJEAN NOUVEL /
_cBOISSIER, OLIVER
260 _a[S.N] :
_bTERRAIL ،
_c2003
300 _a32 CM ؛
_c208 P
650 0 4 _aBUILDINGS
650 0 4 _aARCHITECTURE
650 0 4 _aLANDSCAPE
650 0 4 _aNOUVEL, JEAN - BIOGRAPHY
942 _2ddc
_cBK
999 _c6642
_d6642